| 000 | 02724nam a22002537a 4500 | ||
|---|---|---|---|
| 003 | BJBSDDR | ||
| 005 | 20260512183401.0 | ||
| 006 | a|||||r|||| 00| 0 | ||
| 007 | ta | ||
| 008 | 260512s2025 nyu|||||r|||| 00| 0 eng d | ||
| 020 | _a9780063472174 | ||
| 040 |
_bspa _cBJBSDDR |
||
| 041 | _aeng | ||
| 050 | _bJ54r 2025 | ||
| 100 | 1 |
_aJennings, Scott, _d1977- _948416 |
|
| 245 | 1 | 2 |
_aA revolution of common sense : _bhow Donald Trump stormed Washington and fought for Western civilization / _cScott Jennings. |
| 250 | _afirst edition | ||
| 260 |
_aNew York : _bWilliam Morrow, an imprint of HarperCollinsPublishers, _c2025. |
||
| 300 |
_a273 pages ; _c24 cm |
||
| 505 | _aContenidos : No holds barred DOGE: The Deep State Chainsaw Massacre Empire strikes back Briefing room battles Bad faith actors Fighting for peace Alien enemies: the immigration fights Transitioning back to common sense DEI dies Trade War II Unleashing American energy | ||
| 520 | _aA long habit of not thinking a thing wrong, gives it a superficial appearance of being right,' Thomas Paine wrote in Common Sense. In Washington, that habit became a way of life--where dysfunction, bloat, and bureaucratic failure were treated as business as usual. But Paine also reminded us: 'We have it in our power to begin the world over again.' That's exactly what Donald Trump set out to do in his second term--and what millions of Americans demanded when they sent him back to the White House. A Revolution of Common Sense is a tribute to that mission: a revolt against elite dogmas, a restoration of sanity in public life, and a reminder that America's best days aren't behind us. In these pages, CNN senior political commentator and Republican strategist Scott Jennings takes readers inside Trump's return to power--from scenes in the Oval Office and Air Force One to behind-the-curtain moments with the key players shaping the new agenda. Among them: Secretary of State Marco Rubio, Secretary of the Treasury Scott Bessent, Secretary of Defense Pete Hegseth, Interior Secretary Doug Burgum, Trump campaign manager Chris LaCivita, and Elon Musk. This isn't just a play-by-play of executive orders and media showdowns. It's a sharp, often surprising look at how Trump's second term moved fast, broke norms, and reframed the political debate around a single question: What makes sense? Scott Jennings has spent his career at the highest levels of Republican politics--and from his perch on CNN, slays liberal narratives on a nightly basis. With insight, clarity, and unmatched access, he tells the story not just of a presidency, but of a revolution. And of the Americans still fighting to see it through. | ||
| 942 |
_2lcc _n0 _cBK |
||
| 946 | _illh | ||
| 999 |
_c127076 _d127076 |
||